Теоретические основы аналитической химии: учебник

Λεπτομέρειες βιβλιογραφικής εγγραφής
Κύριος συγγραφέας: Янсон Э. Ю. Эдгар Юльевич
Γλώσσα:Ρωσικά
Έκδοση: Москва, Высшая школа, 1987
Έκδοση:2-е изд., перераб. и доп.
Θέματα:
Μορφή: MixedMaterials Βιβλίο
KOHA link:https://koha.lib.tpu.ru/cgi-bin/koha/opac-detail.pl?biblionumber=114461

MARC

LEADER 00000nam0a2200000 4500
001 114461
005 20231101215208.0
020 |a RU  |b 87-39346 
035 |a (RuTPU)RU\TPU\book\123767 
090 |a 114461 
100 |a 20070423d1987 m a0rusy5003 ca 
101 0 |a rus 
102 |a RU 
105 |a a j 001zy 
200 1 |a Теоретические основы аналитической химии  |e учебник  |f Э. Ю. Янсон 
205 |a 2-е изд., перераб. и доп. 
210 |a Москва  |c Высшая школа  |d 1987 
215 |a 303 с.  |c ил. 
320 |a Предм. указ.: с. 299-301. 
606 1 |a Аналитическая химия  |2 stltpush  |3 (RuTPU)RU\TPU\subj\67454  |9 83247 
610 1 |a теоретические основы 
610 1 |a учебники 
610 1 |a термодинамика 
610 1 |a кинетика 
610 1 |a равновесие 
610 1 |a осадкообразование 
610 1 |a точность 
610 1 |a гравиметрия 
610 1 |a титриметрия 
610 1 |a маскирование 
610 1 |a разделение 
610 1 |a электрохимические методы 
610 1 |a оптические методы 
675 |a 543(075.8)  |v 3 
700 1 |a Янсон  |b Э. Ю.  |g Эдгар Юльевич 
801 0 |a RU  |b RuMRKP  |c 19950417  |g psbo 
801 1 |a RU  |b 63413507  |c 20070423  |g PSBO 
801 2 |a RU  |b 63413507  |c 20160729  |g PSBO 
942 |c BK